Petites villes françaises en images (1) - Statistiques

Statistiques générales
  • Ce quiz a été pris 29 fois
  • Le résultat moyen est 4 sur 12
Statistiques - réponses
Par images Hint Réponse % Correct
24 Montignac-Lascaux
75%
2A Bonifacio
58%
14 Deauville
54%
07 Vallon-Pont-d'Arc
54%
06 Saint-Tropez
42%
01 Nantua
29%
37 Azay-le-Rideau
25%
33 Saint-Emilion
25%
09 Ax-les-Thermes
21%
29 Ouessant
21%
61 Camembert
17%
39 Baume-les-Messieurs
13%
Aucun quiz correspondant
Distribution des résultats
% des personnes avec chaque résultat
Percentile par nombre de réponses
Votre historique - résultats
Vous n’avez pas pris ce quiz